[Event "Aleksandria Cup"]
[Site "?"]
[Date "2015.07.13"]
[Round "1.1"]
[White "Jobava, Baadur"]
[Black "Gajic, Mladen"]
[Result "1-0"]
[LiveChessVersion "1.3.1"]
[BlackElo "2227"]
[WhiteElo "2693"]

1. e4 {[%clk 1:30:59]} g6 {[%clk 1:30:12]} 2. Nc3 {[%clk 1:31:07]} Bg7
{[%clk 1:30:34]} 3. d4 {[%clk 1:31:01]} c6 {[%clk 1:30:50]} 4. Bf4
{[%clk 1:25:10]} Qb6 {[%clk 1:23:46]} 5. Nge2 {[%clk 1:25:27]} Qxb2
{[%clk 1:23:12]} 6. Rb1 {[%clk 1:25:24]} Qa3 {[%clk 1:23:34]} 7. Bc7
{[%clk 1:25:31]} b6 {[%clk 1:18:54]} 8. h4 {[%clk 1:22:16]} d6 {[%clk 1:07:46]}
9. Rb3 {[%clk 1:19:41]} Qa5 {[%clk 1:03:16]} 10. Qc1 {[%clk 1:18:36]} Na6
{[%clk 0:56:52]} 11. Ra3 {[%clk 1:17:24]} Qh5 {[%clk 0:56:51]} 12. Nf4
{[%clk 0:47:21]} Qg4 {[%clk 0:53:48]} 13. Rxa6 {[%clk 0:47:19]} Bxa6
{[%clk 0:31:42]} 14. Bxa6 {[%clk 0:47:40]} Qd7 {[%clk 0:32:09]} 15. Bb7
{[%clk 0:46:11]} Rc8 {[%clk 0:32:35]} 16. Bxc8 {[%clk 0:45:52]} Qxc8
{[%clk 0:33:03]} 17. Bxd6 {[%clk 0:43:21]} exd6 {[%clk 0:33:30]} 18. Nce2
{[%clk 0:43:13]} h5 {[%clk 0:32:42]} 19. c3 {[%clk 0:42:35]} Ne7 {[%clk 0:25:37]}
20. f3 {[%clk 0:41:26]} Qa6 {[%clk 0:24:26]} 21. Qd2 {[%clk 0:39:31]} Kd7
{[%clk 0:23:06]} 22. O-O {[%clk 0:37:40]} Qc4 {[%clk 0:19:00]} 23. Rb1 Kc7
{[%clk 0:19:25]} 24. Rb4 {[%clk 0:36:38]} Qa6 {[%clk 0:14:14]} 25. Qc2
{[%clk 0:35:01]} Qb7 {[%clk 0:07:47]} 26. a4 {[%clk 0:35:11]} Kb8 27. a5
{[%clk 0:35:20]} Nc8 {[%clk 0:07:51]} 28. Qa2 Bf6 {[%clk 0:07:45]} 29. axb6
{[%clk 0:34:05]} axb6 30. g3 {[%clk 0:33:48]} Rd8 {[%clk 0:05:37]} 31. Kg2
{[%clk 0:33:56]} Rd7 {[%clk 0:05:49]} 32. Nd3 {[%clk 0:33:59]} Kc7
{[%clk 0:05:44]} 33. e5 {[%clk 0:33:14]} dxe5 {[%clk 0:03:15]} 34. Nc5
{[%clk 0:33:39]} bxc5 {[%clk 0:03:34]} 35. Rxb7+ {[%clk 0:34:03]} Kxb7
{[%clk 0:04:01]} 36. dxc5 {[%clk 0:34:20]} Bd8 {[%clk 0:02:30]} 37. Kh3
{[%clk 0:33:27]} Bc7 {[%clk 0:02:24]} 38. Qb3+ {[%clk 0:33:38]} Ka8
{[%clk 0:02:23]} 39. Qc4 {[%clk 0:33:21]} Kb7 {[%clk 0:01:37]} 40. Nc1
{[%clk 1:03:22]} Rd5 {[%clk 0:31:43]} 41. Nd3 {[%clk 1:02:56]} Ba5
{[%clk 0:25:03]} 42. Qa2 {[%clk 1:01:56]} Rxd3 {[%clk 0:24:54]} 43. Qb1+
{[%clk 1:02:19]} 1-0

[Event "Aleksandria Cup"]
[Site "?"]
[Date "2015.07.13"]
[Round "1.2"]
[White "Chkhaidze, Nikoloz"]
[Black "Kuzubov, Yuriy"]
[Result "0-1"]
[LiveChessVersion "1.3.1"]
[BlackElo "2653"]
[WhiteElo "2215"]

1. Nf3 {[%clk 1:30:57]} d5 {[%clk 1:30:29]} 2. d4 {[%clk 1:31:18]} Nf6
{[%clk 1:30:47]} 3. c4 {[%clk 1:31:40]} c6 {[%clk 1:31:12]} 4. e3
{[%clk 1:31:45]} Bg4 {[%clk 1:31:16]} 5. h3 {[%clk 1:23:30]} Bxf3
{[%clk 1:31:40]} 6. Qxf3 {[%clk 1:23:47]} e6 {[%clk 1:31:57]} 7. Bd3
{[%clk 1:22:52]} Nbd7 {[%clk 1:32:11]} 8. O-O {[%clk 1:22:45]} Bd6
{[%clk 1:31:57]} 9. Nc3 {[%clk 1:22:56]} O-O {[%clk 1:32:18]} 10. e4 dxc4
{[%clk 1:24:54]} 11. Bxc4 {[%clk 1:19:17]} e5 {[%clk 1:25:18]} 12. d5
{[%clk 1:14:34]} Nb6 {[%clk 1:24:45]} 13. Bb3 {[%clk 1:14:30]} cxd5
{[%clk 1:24:57]} 14. exd5 {[%clk 1:10:09]} Nfd7 {[%clk 1:20:21]} 15. Ne4
{[%clk 0:58:23]} Nc5 {[%clk 1:20:43]} 16. Bg5 {[%clk 0:45:01]} f6
{[%clk 1:21:06]} 17. Bd2 {[%clk 0:45:22]} Nxe4 {[%clk 1:21:22]} 18. Qxe4
{[%clk 0:45:50]} f5 {[%clk 1:20:09]} 19. Qe2 {[%clk 0:43:23]} Qh4
{[%clk 1:19:23]} 20. a4 {[%clk 0:32:15]} Nd7 {[%clk 1:13:53]} 21. a5
{[%clk 0:29:44]} a6 {[%clk 1:09:33]} 22. Ra4 {[%clk 0:29:21]} e4 {[%clk 1:07:52]}
23. Bb4 {[%clk 0:29:21]} Rf6 {[%clk 1:07:24]} 24. Bxd6 {[%clk 0:29:19]} Rxd6
{[%clk 1:07:48]} 25. Rc1 {[%clk 0:26:11]} Ne5 {[%clk 1:04:14]} 26. Rc7
{[%clk 0:23:42]} b5 {[%clk 0:42:30]} 27. Ra1 {[%clk 0:14:40]} Nd3
{[%clk 0:33:08]} 28. Qc2 {[%clk 0:11:04]} Rad8 {[%clk 0:32:53]} 29. f3
{[%clk 0:05:14]} Nf4 {[%clk 0:32:06]} 30. Rc6 {[%clk 0:01:59]} exf3
{[%clk 0:31:15]} 31. Rxd6 {[%clk 0:02:02]} Rxd6 {[%clk 0:31:40]} 32. Qc8+
{[%clk 0:01:51]} Rd8 {[%clk 0:32:03]} 33. Rc1 {[%clk 0:00:42]} Nxh3+
{[%clk 0:32:02]} 0-1

[Event "Aleksandria Cup"]
[Site "?"]
[Date "2015.07.13"]
[Round "1.3"]
[White "Baklan, Vladimir"]
[Black "Stiyazhkina, Anna"]
[Result "1-0"]
[LiveChessVersion "1.3.1"]
[BlackElo "2214"]
[WhiteElo "2619"]

1. e4 {[%clk 1:30:57]} e5 {[%clk 1:30:48]} 2. Nf3 {[%clk 1:31:19]} Nc6
{[%clk 1:31:06]} 3. Bb5 {[%clk 1:31:28]} a6 {[%clk 1:31:16]} 4. Ba4
{[%clk 1:31:53]} Nf6 {[%clk 1:31:06]} 5. O-O {[%clk 1:32:06]} b5 {[%clk 1:31:05]}
6. Bb3 {[%clk 1:32:29]} Bc5 {[%clk 1:31:07]} 7. a4 {[%clk 1:31:41]} Rb8
{[%clk 1:31:12]} 8. axb5 {[%clk 1:30:53]} axb5 {[%clk 1:31:36]} 9. Nxe5
{[%clk 1:27:07]} Nxe5 {[%clk 1:27:51]} 10. d4 {[%clk 1:27:32]} Bxd4
{[%clk 1:02:39]} 11. Qxd4 {[%clk 1:27:52]} d6 {[%clk 0:57:45]} 12. f4
{[%clk 1:25:54]} c5 {[%clk 0:53:48]} 13. Qd1 {[%clk 1:16:17]} Nc6
{[%clk 0:48:08]} 14. e5 {[%clk 1:16:04]} dxe5 {[%clk 0:47:23]} 15. Qxd8+
{[%clk 1:01:09]} Nxd8 {[%clk 0:41:33]} 16. fxe5 {[%clk 1:01:25]} Ng4
{[%clk 0:39:28]} 17. Bd5 {[%clk 0:59:20]} Bb7 {[%clk 0:30:00]} 18. Bxb7
{[%clk 0:51:00]} Rxb7 {[%clk 0:30:19]} 19. Re1 {[%clk 0:51:20]} Re7
{[%clk 0:26:54]} 20. Nc3 {[%clk 0:44:03]} b4 {[%clk 0:16:02]} 21. Nd5
{[%clk 0:30:31]} Rxe5 {[%clk 0:09:50]} 22. Rd1 {[%clk 0:30:56]} O-O
{[%clk 0:06:40]} 23. Bf4 {[%clk 0:28:04]} Re2 {[%clk 0:04:35]} 24. h3
{[%clk 0:24:28]} Nf6 {[%clk 0:03:06]} 25. Bd6 {[%clk 0:24:09]} Rfe8
{[%clk 0:02:29]} 26. Nc7 {[%clk 0:23:30]} Nb7 {[%clk 0:00:52]} 27. Nxe8
{[%clk 0:23:45]} Rxe8 {[%clk 0:01:04]} 28. Bc7 {[%clk 0:22:28]} c4
{[%clk 0:01:14]} 29. Ra7 {[%clk 0:20:01]} Nc5 {[%clk 0:01:38]} 30. Rd8
{[%clk 0:20:24]} Ne6 {[%clk 0:00:59]} 31. Rxe8+ {[%clk 0:20:45]} Nxe8
{[%clk 0:01:25]} 32. Ba5 {[%clk 0:21:09]} 1-0

[Event "Aleksandria Cup"]
[Site "?"]
[Date "2015.07.13"]
[Round "1.4"]
[White "Stjazhkina, Olga"]
[Black "Zubov, Alexander"]
[Result "0-1"]
[LiveChessVersion "1.3.1"]
[BlackElo "2615"]
[WhiteElo "2191"]

1. e4 {[%clk 1:30:53]} c5 {[%clk 1:30:48]} 2. Nc3 {[%clk 1:31:17]} a6
{[%clk 1:29:41]} 3. g3 {[%clk 1:31:37]} b5 {[%clk 1:30:05]} 4. Bg2
{[%clk 1:31:56]} Bb7 {[%clk 1:30:31]} 5. d3 {[%clk 1:31:57]} e6 {[%clk 1:29:42]}
6. f4 {[%clk 1:31:05]} d5 {[%clk 1:23:30]} 7. Qe2 {[%clk 1:24:49]} Nc6
{[%clk 1:23:47]} 8. Nf3 {[%clk 1:23:42]} Nd4 {[%clk 1:17:49]} 9. Nxd4
{[%clk 1:20:51]} cxd4 {[%clk 1:18:16]} 10. Nd1 {[%clk 1:20:46]} dxe4
{[%clk 1:08:53]} 11. dxe4 {[%clk 1:14:30]} Bb4+ {[%clk 0:53:31]} 12. Bd2
{[%clk 1:08:38]} Bxd2+ {[%clk 0:53:48]} 13. Qxd2 {[%clk 1:09:01]} Nf6
{[%clk 0:54:00]} 14. Nf2 {[%clk 1:08:03]} Rc8 {[%clk 0:49:13]} 15. O-O
{[%clk 1:07:27]} O-O {[%clk 0:48:56]} 16. g4 {[%clk 1:03:19]} Qc7
{[%clk 0:44:10]} 17. Rac1 {[%clk 1:02:44]} Rfd8 {[%clk 0:43:53]} 18. g5
{[%clk 0:58:26]} Nd7 {[%clk 0:41:29]} 19. Ng4 {[%clk 0:54:48]} Nc5
{[%clk 0:35:54]} 20. Rce1 {[%clk 0:42:04]} d3 {[%clk 0:15:05]} 21. c3
{[%clk 0:39:01]} b4 {[%clk 0:13:16]} 22. cxb4 {[%clk 0:30:24]} Na4
{[%clk 0:13:44]} 23. Ne3 {[%clk 0:26:46]} Qb6 {[%clk 0:13:13]} 24. Kh1
{[%clk 0:25:58]} Qd4 {[%clk 0:13:23]} 25. Rc1 {[%clk 0:18:39]} Nxb2
{[%clk 0:09:09]} 26. f5 {[%clk 0:15:51]} Rxc1 {[%clk 0:07:10]} 27. Rxc1
{[%clk 0:16:05]} Bxe4 {[%clk 0:07:31]} 28. fxe6 {[%clk 0:15:11]} fxe6
{[%clk 0:07:41]} 29. Rf1 {[%clk 0:13:41]} Nc4 {[%clk 0:05:43]} 30. Nxc4
{[%clk 0:13:28]} Qxc4 {[%clk 0:06:08]} 31. Rc1 {[%clk 0:11:00]} Qxc1+
{[%clk 0:05:53]} 0-1

[Event "Aleksandria Cup"]
[Site "?"]
[Date "2015.07.13"]
[Round "1.5"]
[White "Paichadze, Luka"]
[Black "Kasoshvili, Tsiala"]
[Result "1-0"]
[LiveChessVersion "1.3.1"]
[BlackElo "2178"]
[WhiteElo "2566"]

1. e4 {[%clk 1:30:54]} c6 {[%clk 1:30:52]} 2. d4 {[%clk 1:31:18]} d5
{[%clk 1:31:18]} 3. e5 {[%clk 1:31:33]} g6 {[%clk 1:31:33]} 4. c4
{[%clk 1:31:54]} Bg7 {[%clk 1:12:14]} 5. Nc3 {[%clk 1:29:55]} Nh6
{[%clk 1:10:49]} 6. h3 {[%clk 1:26:07]} O-O {[%clk 1:06:09]} 7. Nf3
{[%clk 1:26:27]} f6 {[%clk 0:50:12]} 8. Be2 {[%clk 1:15:02]} Na6 {[%clk 0:45:56]}
9. cxd5 {[%clk 1:14:17]} cxd5 {[%clk 0:46:19]} 10. Bf4 {[%clk 1:08:49]} Nf7
{[%clk 0:31:25]} 11. exf6 {[%clk 1:07:44]} exf6 {[%clk 0:31:47]} 12. Qb3
{[%clk 1:06:20]} Re8 {[%clk 0:29:07]} 13. O-O {[%clk 1:05:08]} Re7
{[%clk 0:22:05]} 14. Rfe1 {[%clk 0:58:24]} Be6 {[%clk 0:20:16]} 15. Bf1
{[%clk 0:57:59]} Bf8 {[%clk 0:20:05]} 16. Re3 {[%clk 0:53:56]} Qa5
{[%clk 0:17:11]} 17. Rae1 {[%clk 0:52:06]} Nd8 {[%clk 0:12:40]} 18. Bb5
{[%clk 0:51:45]} Nc7 {[%clk 0:08:26]} 19. Bd6 {[%clk 0:46:15]} Kf7
{[%clk 0:03:59]} 20. Bxe7 {[%clk 0:44:41]} Bxe7 {[%clk 0:04:27]} 21. Bd7
{[%clk 0:44:09]} Bb4 {[%clk 0:00:50]} 22. a3 {[%clk 0:40:30]} Bxc3
{[%clk 0:00:35]} 23. Qxc3 {[%clk 0:40:30]} Qb6 {[%clk 0:00:45]} 24. Qc5
{[%clk 0:40:20]} Rb8 {[%clk 0:00:32]} 25. Ng5+ {[%clk 0:33:06]} fxg5
{[%clk 0:01:00]} 26. Rf3+ {[%clk 0:33:29]} Bf5 {[%clk 0:01:21]} 27. Qe7+
{[%clk 0:30:42]} Kg8 {[%clk 0:01:50]} 28. Bxf5 {[%clk 0:31:00]} gxf5
{[%clk 0:01:34]} 29. Qxg5+ {[%clk 0:31:05]} Kh8 {[%clk 0:00:45]} 30. Rg3
{[%clk 0:28:28]} Qg6 {[%clk 0:00:43]} 31. Qe7 {[%clk 0:27:52]} Nc6
{[%clk 0:00:32]} 32. Qxc7 {[%clk 0:28:13]} Qh5 {[%clk 0:00:31]} 33. Qg7# 1-0

[Event "Aleksandria Cup"]
[Site "?"]
[Date "2015.07.13"]
[Round "1.6"]
[White "Vakhania, Alexandra"]
[Black "Bortnyk, Olexander"]
[Result "0-1"]
[LiveChessVersion "1.3.1"]
[BlackElo "2550"]
[WhiteElo "2178"]

1. Nf3 {[%clk 1:30:43]} d6 {[%clk 1:30:55]} 2. e4 {[%clk 1:29:47]} c5
{[%clk 1:30:37]} 3. Bb5+ {[%clk 1:29:54]} Bd7 {[%clk 1:30:37]} 4. Bxd7+
{[%clk 1:29:38]} Nxd7 {[%clk 1:31:00]} 5. O-O {[%clk 1:30:02]} Ngf6
{[%clk 1:31:04]} 6. d3 g6 {[%clk 1:30:19]} 7. c4 {[%clk 1:26:23]} Bg7 8. Nc3 O-O
{[%clk 1:28:37]} 9. Bg5 {[%clk 1:23:22]} h6 {[%clk 1:28:38]} 10. Bxf6
{[%clk 1:23:05]} Nxf6 {[%clk 1:28:14]} 11. Qc2 {[%clk 1:21:37]} e6
{[%clk 1:25:37]} 12. Rad1 a6 13. d4 {[%clk 1:10:30]} cxd4 {[%clk 1:25:38]} 14.
Rxd4 {[%clk 1:10:36]} Qc7 {[%clk 1:25:55]} 15. Rfd1 {[%clk 1:09:07]} Ne8
{[%clk 1:26:07]} 16. e5 {[%clk 1:08:16]} dxe5 {[%clk 1:26:30]} 17. Rd7
{[%clk 1:08:28]} Qxc4 {[%clk 1:26:10]} 18. Rxb7 {[%clk 1:08:49]} Rc8
{[%clk 1:25:13]} 19. h3 {[%clk 1:05:24]} f5 {[%clk 1:21:28]} 20. Rxg7+
{[%clk 0:53:22]} Nxg7 {[%clk 1:19:31]} 21. Nxe5 {[%clk 0:53:24]} Qc7
{[%clk 1:19:08]} 22. Nxg6 {[%clk 0:53:32]} Rf6 {[%clk 1:18:04]} 23. Nh4
{[%clk 0:47:01]} Kh8 {[%clk 1:15:07]} 24. Qa4 {[%clk 0:44:00]} Qb6
{[%clk 1:11:47]} 25. Qd7 {[%clk 0:40:49]} Re8 {[%clk 1:08:49]} 26. Rd3
{[%clk 0:36:32]} Ref8 {[%clk 1:00:32]} 27. b3 {[%clk 0:19:41]} Kh7
{[%clk 0:58:49]} 28. Nf3 {[%clk 0:18:51]} R6f7 {[%clk 0:58:27]} 29. Qa4
{[%clk 0:18:54]} Qc5 {[%clk 0:54:17]} 30. Re3 {[%clk 0:11:19]} Qd6
{[%clk 0:49:39]} 31. Qh4 {[%clk 0:11:19]} Qd8 {[%clk 0:40:53]} 32. Qc4
{[%clk 0:10:01]} Rc7 {[%clk 0:37:08]} 33. Qxa6 {[%clk 0:09:36]} Qf6
{[%clk 0:36:50]} 34. Qd6 {[%clk 0:07:25]} Rfc8 {[%clk 0:36:35]} 35. Ne2
{[%clk 0:05:53]} Qa1+ {[%clk 0:36:35]} 36. Kh2 {[%clk 0:06:18]} Rc6
{[%clk 0:30:32]} 37. Qe7 {[%clk 0:04:35]} R8c7 {[%clk 0:30:21]} 38. Qh4
{[%clk 0:04:28]} Rc1 {[%clk 0:28:21]} 39. Nxc1 {[%clk 0:04:30]} Rxc1
{[%clk 0:28:47]} 40. Ng5+ {[%clk 0:34:35]} Kg6 {[%clk 0:56:53]} 41. Rxe6+
{[%clk 0:21:59]} Nxe6 {[%clk 0:57:18]} 42. Nxe6 {[%clk 0:22:24]} Rh1+
{[%clk 0:57:43]} 43. Kg3 {[%clk 0:22:50]} Qc3+ {[%clk 0:58:08]} 44. Kf4
{[%clk 0:22:59]} Re1 {[%clk 0:58:24]} 0-1

[Event "Aleksandria Cup"]
[Site "?"]
[Date "2015.07.13"]
[Round "1.7"]
[White "Bernadskiy, Vitaliy"]
[Black "Mammadov, Gulam"]
[Result "1-0"]
[LiveChessVersion "1.3.1"]
[BlackElo "2175"]
[WhiteElo "2548"]

1. e4 {[%clk 1:30:58]} g6 {[%clk 1:30:52]} 2. d4 {[%clk 1:31:01]} Bg7
{[%clk 1:31:18]} 3. Nc3 {[%clk 1:31:29]} d6 {[%clk 1:31:43]} 4. f4
{[%clk 1:31:53]} Nc6 {[%clk 1:30:17]} 5. Be3 {[%clk 1:31:14]} Nf6
{[%clk 1:27:53]} 6. Be2 {[%clk 1:31:40]} O-O {[%clk 1:27:57]} 7. e5
{[%clk 1:30:10]} Ne8 {[%clk 1:25:13]} 8. Nf3 {[%clk 1:30:17]} dxe5
{[%clk 1:22:38]} 9. fxe5 {[%clk 1:29:53]} f6 {[%clk 1:21:44]} 10. e6
{[%clk 1:28:24]} Nd6 {[%clk 1:20:42]} 11. d5 {[%clk 1:28:24]} Na5
{[%clk 1:15:41]} 12. O-O {[%clk 1:23:14]} c6 {[%clk 1:09:21]} 13. Bc5
{[%clk 1:23:28]} b6 {[%clk 1:00:41]} 14. Bb4 {[%clk 1:21:28]} c5 {[%clk 0:46:17]}
15. Bxa5 {[%clk 1:21:26]} bxa5 {[%clk 0:46:46]} 16. Na4 {[%clk 1:17:43]} c4
{[%clk 0:42:21]} 17. Nd4 {[%clk 1:16:30]} Bb7 {[%clk 0:38:53]} 18. Bf3
{[%clk 1:16:34]} Qc7 {[%clk 0:37:21]} 19. Qe2 {[%clk 1:11:43]} f5
{[%clk 0:36:31]} 20. Rad1 {[%clk 1:11:53]} Ne4 {[%clk 0:22:27]} 21. Bxe4
{[%clk 1:07:56]} fxe4 {[%clk 0:22:56]} 22. Qxe4 {[%clk 1:05:48]} Rxf1+
{[%clk 0:22:18]} 23. Rxf1 {[%clk 1:06:11]} Qe5 {[%clk 0:19:10]} 24. Qxe5
{[%clk 1:05:29]} Bxe5 25. Nf3 {[%clk 1:01:18]} Bg7 {[%clk 0:19:28]} 26. Rd1
{[%clk 0:58:55]} Rd8 {[%clk 0:19:36]} 27. Nc3 {[%clk 0:59:12]} Bxc3
{[%clk 0:19:50]} 28. bxc3 {[%clk 0:59:39]} Rxd5 {[%clk 0:18:43]} 29. Rb1
{[%clk 0:59:52]} Bc8 {[%clk 0:16:47]} 30. Nd4 {[%clk 0:56:35]} Rc5
{[%clk 0:17:04]} 31. h4 {[%clk 0:56:28]} Kg7 {[%clk 0:16:46]} 32. Rf1
{[%clk 0:56:48]} Kg8 {[%clk 0:16:48]} 33. Rb1 {[%clk 0:56:11]} Kg7
{[%clk 0:16:08]} 34. Rf1 {[%clk 0:53:24]} Kg8 {[%clk 0:16:33]} 35. Rf7
{[%clk 0:52:49]} Rc7 {[%clk 0:16:05]} 36. Kh2 {[%clk 0:53:07]} a6
{[%clk 0:14:52]} 37. h5 {[%clk 0:51:23]} gxh5 {[%clk 0:14:25]} 38. Kg3
{[%clk 0:47:56]} Ra7 {[%clk 0:12:57]} 39. Rf5 {[%clk 0:48:20]} a4
{[%clk 0:13:02]} 40. Rc5 {[%clk 1:18:37]} Ra8 {[%clk 0:41:44]} 41. Rc7
{[%clk 1:18:51]} Kf8 {[%clk 0:42:01]} 42. Kf4 {[%clk 1:18:43]} Ke8
{[%clk 0:42:21]} 43. Nc6 {[%clk 1:18:48]} 1-0

[Event "Aleksandria Cup"]
[Site "?"]
[Date "2015.07.13"]
[Round "1.8"]
[White "Yayloyan, Konstantin"]
[Black "Maghalashvili, Davit"]
[Result "0-1"]
[LiveChessVersion "1.3.1"]
[BlackElo "2515"]
[WhiteElo "2173"]

1. e4 {[%clk 1:30:55]} c5 {[%clk 1:30:19]} 2. Nf3 {[%clk 1:31:09]} d6
{[%clk 1:30:43]} 3. d4 {[%clk 1:31:20]} cxd4 {[%clk 1:31:06]} 4. Nxd4
{[%clk 1:31:47]} Nf6 {[%clk 1:31:28]} 5. Nc3 {[%clk 1:32:13]} Nc6
{[%clk 1:28:03]} 6. Bc4 {[%clk 1:30:33]} e6 {[%clk 1:28:27]} 7. Be3
{[%clk 1:30:55]} Be7 {[%clk 1:28:29]} 8. Qe2 {[%clk 1:30:56]} a6 {[%clk 1:28:13]}
9. O-O-O {[%clk 1:26:39]} Qc7 {[%clk 1:28:18]} 10. Bb3 {[%clk 1:27:03]} Na5
{[%clk 1:27:30]} 11. g4 {[%clk 1:26:16]} O-O {[%clk 1:23:25]} 12. g5
{[%clk 1:25:08]} Nxb3+ {[%clk 1:23:50]} 13. axb3 {[%clk 1:25:31]} Nd7
{[%clk 1:24:18]} 14. Rhg1 {[%clk 1:20:56]} b5 {[%clk 1:21:09]} 15. Qh5
{[%clk 1:18:07]} g6 {[%clk 1:18:53]} 16. Qh6 {[%clk 1:17:12]} Re8
{[%clk 1:18:46]} 17. Rg3 {[%clk 1:15:42]} Bf8 {[%clk 1:13:26]} 18. Qh4
{[%clk 1:14:58]} Bg7 {[%clk 1:13:47]} 19. Nf5 {[%clk 0:58:39]} exf5
{[%clk 1:05:16]} 20. Nd5 {[%clk 0:54:12]} Qd8 {[%clk 0:57:46]} 21. exf5
{[%clk 0:54:22]} h5 {[%clk 0:48:50]} 22. Bd4 {[%clk 0:16:09]} Bxd4
{[%clk 0:47:52]} 23. Qxd4 Bb7 {[%clk 0:42:56]} 24. fxg6 {[%clk 0:15:58]} fxg6
{[%clk 0:43:06]} 25. f4 {[%clk 0:15:37]} Bxd5 {[%clk 0:30:21]} 26. Qxd5+
{[%clk 0:16:04]} Kg7 {[%clk 0:30:31]} 27. Qd4+ {[%clk 0:12:07]} Kh7
{[%clk 0:23:48]} 28. Rh3 {[%clk 0:06:21]} Nc5 {[%clk 0:22:08]} 29. b4
{[%clk 0:04:23]} Ne6 {[%clk 0:22:02]} 30. Qxd6 {[%clk 0:03:55]} Qxd6
{[%clk 0:21:46]} 31. Rxd6 {[%clk 0:04:25]} Rad8 {[%clk 0:20:45]} 32. Rhd3
{[%clk 0:03:56]} Rxd6 {[%clk 0:21:00]} 33. Rxd6 {[%clk 0:04:25]} Nxf4
{[%clk 0:21:19]} 34. Rxa6 {[%clk 0:04:44]} Re5 {[%clk 0:21:03]} 35. h4
{[%clk 0:04:27]} Kg7 {[%clk 0:16:57]} 36. Ra7+ {[%clk 0:04:22]} Kf8
{[%clk 0:16:47]} 37. b3 {[%clk 0:03:05]} Nd5 {[%clk 0:15:19]} 38. Ra8+
{[%clk 0:00:45]} Kf7 39. Ra7+ {[%clk 0:00:40]} Re7 {[%clk 0:10:15]} 40. Ra6
{[%clk 0:30:39]} Rc7 {[%clk 0:39:01]} 41. Ra5 {[%clk 0:27:02]} Nxb4
{[%clk 0:38:52]} 42. Rxb5 {[%clk 0:27:27]} Nxc2 {[%clk 0:39:13]} 43. Kb2
{[%clk 0:27:47]} Nd4 {[%clk 0:39:29]} 44. Rb4 {[%clk 0:26:58]} Nf5
{[%clk 0:39:52]} 45. Rf4 {[%clk 0:27:19]} Ke6 {[%clk 0:40:13]} 0-1

[Event "Aleksandria Cup"]
[Site "?"]
[Date "2015.07.13"]
[Round "1.9"]
[White "Rasulov, Vugar"]
[Black "Basencyan, Mark"]
[Result "1-0"]
[LiveChessVersion "1.3.1"]
[BlackElo "2165"]
[WhiteElo "2504"]

1. e4 {[%clk 1:30:39]} e5 {[%clk 1:30:46]} 2. Bc4 {[%clk 1:29:39]} Nf6
{[%clk 1:28:28]} 3. d3 {[%clk 1:30:01]} Nc6 {[%clk 1:28:09]} 4. Nf3
{[%clk 1:30:02]} Be7 {[%clk 1:27:48]} 5. O-O {[%clk 1:29:32]} O-O
{[%clk 1:26:49]} 6. Re1 {[%clk 1:28:35]} d6 {[%clk 1:26:58]} 7. c3
{[%clk 1:28:57]} Na5 {[%clk 1:21:24]} 8. Bb5 {[%clk 1:29:12]} a6 {[%clk 1:21:47]}
9. Ba4 {[%clk 1:29:38]} b5 {[%clk 1:22:13]} 10. Bc2 {[%clk 1:30:04]} c5
{[%clk 1:22:40]} 11. Nbd2 {[%clk 1:30:23]} Nc6 {[%clk 1:17:20]} 12. Nf1
{[%clk 1:30:34]} h6 {[%clk 1:11:26]} 13. Ng3 {[%clk 1:29:37]} Be6
{[%clk 1:07:59]} 14. h3 {[%clk 1:24:52]} Re8 {[%clk 0:56:11]} 15. d4
{[%clk 1:20:21]} cxd4 {[%clk 0:55:55]} 16. cxd4 {[%clk 1:20:49]} Nxd4
{[%clk 0:53:22]} 17. Nxd4 {[%clk 1:21:06]} exd4 {[%clk 0:53:48]} 18. Ne2
{[%clk 1:21:20]} d3 {[%clk 0:47:38]} 19. Bxd3 {[%clk 1:21:24]} Nd7
{[%clk 0:43:40]} 20. Nd4 {[%clk 1:20:00]} Bf6 {[%clk 0:41:46]} 21. Bc2
{[%clk 1:14:25]} Bxd4 {[%clk 0:28:56]} 22. Qxd4 {[%clk 1:14:46]} Qb6
{[%clk 0:28:09]} 23. Qd1 {[%clk 1:13:37]} Rac8 {[%clk 0:17:31]} 24. Be3
{[%clk 1:11:35]} Qc7 {[%clk 0:09:05]} 25. Rc1 {[%clk 1:11:33]} Qa5
{[%clk 0:08:45]} 26. a3 {[%clk 1:05:38]} Ne5 {[%clk 0:08:38]} 27. Qxd6
{[%clk 1:02:19]} Nc4 {[%clk 0:07:00]} 28. Qg3 {[%clk 1:02:31]} Nxe3
{[%clk 0:06:33]} 29. Qxe3 {[%clk 1:02:53]} b4 {[%clk 0:05:59]} 30. e5
{[%clk 1:02:23]} bxa3 {[%clk 0:06:18]} 31. bxa3 {[%clk 1:02:46]} Red8
{[%clk 0:03:08]} 32. Be4 {[%clk 1:01:53]} Kf8 {[%clk 0:01:33]} 33. f4
{[%clk 1:01:56]} Qd2 {[%clk 0:01:31]} 34. Qxd2 {[%clk 1:01:51]} Rxd2
{[%clk 0:01:58]} 35. Rxc8+ {[%clk 0:55:29]} Bxc8 {[%clk 0:02:21]} 36. Bf3
{[%clk 0:55:23]} Be6 {[%clk 0:00:41]} 37. Rb1 {[%clk 0:54:45]} Rd3
{[%clk 0:00:32]} 38. Rb8+ {[%clk 0:54:38]} Ke7 {[%clk 0:01:01]} 39. Bc6
{[%clk 0:54:57]} f6 {[%clk 0:00:38]} 40. Rb7+ {[%clk 1:24:19]} Kf8
{[%clk 0:31:01]} 41. exf6 {[%clk 1:24:45]} gxf6 {[%clk 0:31:24]} 42. a4
{[%clk 1:25:10]} Rd4 {[%clk 0:30:25]} 43. Rb6 {[%clk 1:22:27]} Bc4
{[%clk 0:28:50]} 44. f5 {[%clk 1:17:31]} Ke7 {[%clk 0:27:09]} 45. Bf3
{[%clk 1:15:58]} Bd5 {[%clk 0:18:23]} 46. Bxd5 {[%clk 1:14:54]} Rxd5
{[%clk 0:18:47]} 47. g4 {[%clk 1:13:17]} h5 {[%clk 0:15:02]} 48. Rb4
{[%clk 0:56:20]} hxg4 {[%clk 0:13:31]} 49. hxg4 {[%clk 0:55:31]} Rd2
{[%clk 0:13:41]} 50. Kf1 {[%clk 0:54:35]} a5 {[%clk 0:09:10]} 51. Rb5
{[%clk 0:45:23]} Rd4 {[%clk 0:08:38]} 52. Rxa5 {[%clk 0:45:48]} Rxg4
{[%clk 0:09:02]} 53. Ke2 {[%clk 0:45:40]} Rg3 {[%clk 0:08:34]} 54. Rd5
{[%clk 0:45:43]} Kf7 {[%clk 0:06:35]} 55. a5 {[%clk 0:45:57]} Kg7
{[%clk 0:05:48]} 56. Kd2 {[%clk 0:46:25]} Kh6 {[%clk 0:06:00]} 57. Kc2
{[%clk 0:46:51]} Ra3 {[%clk 0:05:01]} 58. Kb2 {[%clk 0:47:10]} Ra4
{[%clk 0:05:29]} 59. Kb3 {[%clk 0:47:30]} Ra1 {[%clk 0:05:57]} 60. Kb4
{[%clk 0:47:56]} Kg5 {[%clk 0:06:12]} 61. Kb5 {[%clk 0:48:20]} Kf4
{[%clk 0:06:14]} 62. Kb6 {[%clk 0:48:42]} 1-0